MARC

LEADER 00000nam0a2200000 4500
001 258781
005 20231101233326.0
035 |a (RuTPU)RU\TPU\book\281669 
090 |a 258781 
100 |a 20140428d1984 m y0rusy50 ca 
101 0 |a rus 
102 |a RU 
105 |a a z 000ay 
200 1 |a Сто рассказов о войне  |e повесть  |f С. П. Алексеев  |g под ред. Н. Тимофеевой ; Ю. Ребров 
210 |a Москва  |c Молодая гвардия  |d 1984 
215 |a 224 с.  |c ил. 
606 1 |a Русская литература современная  |2 stltpush  |3 (RuTPU)RU\TPU\subj\26373  |9 50316 
610 1 |a художественная литература 
610 1 |a советская литература 
610 1 |a повести 
610 1 |a Великая Отечественная война 1941-1945 
610 1 |a военная проза 
675 |a Р2  |v 3 
700 1 |a Алексеев  |b С. П.  |g Сергей Петрович  |4 070 
702 1 |a Тимофеева  |b Н.  |4 340 
702 1 |a Ребров  |b Ю.  |4 040 
801 1 |a RU  |b 63413507  |c 20140428 
801 2 |a RU  |b 63413507  |c 20210930  |g RCR 
942 |c BK